[Event "Brasilia Etapa do Rei op"]
[Site "Brasilia"]
[Date "2019.??.??"]
[Round "6"]
[White "Leite, Maryana Izabelle Fe"]
[Black "Felix, Raimundo Nascimento"]
[Result "0-1"]
[WhiteElo "1808"]
[BlackElo "2003"]
[PlyCount "158"]
[EventDate "2019.03.22"]
[EventType "swiss"]
[EventRounds "6"]
[EventCountry "BRA"]
[SourceTitle "CBM 190 Extra"]
[Source "ChessBase"]
[SourceDate "2019.07.15"]
[SourceVersion "1"]
[SourceVersionDate "2019.07.15"]
[SourceQuality "1"]

1. e4 c5 2. Nf3 Nc6 3. d4 cxd4 4. Nxd4 g6 5. Nc3 Bg7 6. Be3 Nf6 7. Bd3 Ne5 8. Be2 0-0 9. 0-0 d5 10. f4 Neg4 11. Bxg4 Bxg4 12. Qd3 dxe4 13. Nxe4 Nd5 14. c3 e5 15. Ne2 Nxe3 16. Qxe3 Qe7 17. h3 Bf5 18. N4g3 Bd7 19. f5 Rfe8 20. Qf2 f6 21. Rae1 b6 22. fxg6 hxg6 23. Nf4 Qf7 24. Nfe2 Bc6 25. b3 Rad8 26. Rd1 f5 27. c4 Bf8 28. Kh1 Qh7 29. Kh2 Bc5 30. Qe1 Qb7 31. b4 Be3 32. Nc3 f4 33. Nd5 Bxd5 34. cxd5 fxg3+ 35. Kxg3 Bf4+ 36. Kf2 Rxd5 37. Kg1 Red8 38. Qe4 Qf7 39. Rxd5 Qxd5 40. Qxg6+ Kh8 41. Qh5+ Kg7 42. Qg4+ Kf7 43. Qf5+ Kg7 44. Qg4+ Kf6 45. Qh4+ Ke6 46. Qg4+ Ke7 47. Qg7+ Kd6 48. Qg6+ Kc7 49. Qc2+ Kb8 50. a3 Rg8 51. Qe2 Rg3 52. Rf3 Qd4+ 53. Kh1 Rxf3 54. gxf3 Qd5 55. Kg2 Qg8+ 56. Kf1 Qh7 57. Kg2 Qg6+ 58. Kf1 Qb1+ 59. Qe1 Qd3+ 60. Qe2 Qxa3 61. b5 Be3 62. Kg2 Qc1 63. Qf1 Qxf1+ 64. Kxf1 a5 65. bxa6 Ka7 66. Ke2 Bf4 67. Kd3 Kxa6 68. Kc3 Kb5 69. Kb3 Bg3 70. Kc3 Ka4 71. Kc4 b5+ 72. Kc3 Ka3 73. Kc2 b4 74. Kb1 Kb3 75. h4 Bxh4 76. Ka1 Kc2 77. Ka2 Bf6 78. f4 b3+ 79. Ka3 exf4 0-1

[Event "Brasilia Marista op IRT"]
[Site "Brasilia"]
[Date "2018.08.27"]
[Round "4.4"]
[White "Leite, Maryana Izabelle Fe"]
[Black "Barbosa, Edinardo Meireles"]
[Result "0-1"]
[WhiteElo "1402"]
[BlackElo "1676"]
[PlyCount "158"]
[EventDate "2018.08.26"]
[EventType "swiss"]
[EventRounds "5"]
[EventCountry "BRA"]
[SourceTitle "CBM 186 Extra"]
[Source "ChessBase"]
[SourceDate "2018.08.24"]
[SourceVersion "1"]
[SourceVersionDate "2018.08.24"]
[SourceQuality "1"]

1. Nf3 e6 2. Nc3 c5 3. e3 a6 4. Be2 Nc6 5. 0-0 Nf6 6. b3 d5 7. d4 Qc7 8. Bb2 cxd4 9. exd4 Bd6 10. Re1 0-0 11. Nb1 Bd7 12. Nbd2 Rac8 13. Qc1 Bf4 14. g3 Bh6 15. Qd1 g6 16. c4 Bg7 17. Ne5 Be8 18. Ndf3 Bd7 19. Rc1 Qb8 20. Nxc6 Bxc6 21. Ne5 dxc4 22. Bxc4 b5 23. Be2 Bd5 24. Bf3 Qb7 25. Bxd5 Nxd5 26. Qf3 Bxe5 27. dxe5 Rxc1 28. Bxc1 Qc7 29. Bh6 Rc8 30. Rd1 Qxe5 31. Qg4 Rc2 32. Qh4 Rc8 33. Kg2 f5 34. Rd2 Kf7 35. Bf4 Qh8 36. Re2 Re8 37. Be5 Qg8 38. f4 Re7 39. Rd2 Ke8 40. Bd6 Rd7 41. Bc5 Qf7 42. Kh3 Qf6 43. Qh6 Qg7 44. Qh4 Qc3 45. Re2 Qxc5 46. Rxe6+ Re7 47. Rxa6 Nc7 48. Rf6 Ne6 49. Rxe6 Rxe6 50. Qxh7 Qe7 51. Qh8+ Kd7 52. Qd4+ Rd6 53. Qa7+ Ke6 54. Qe3+ Kf7 55. Qc5 Qd7 56. a4 bxa4 57. bxa4 Rc6 58. Qb5 Kg8 59. Qb3+ Kh7 60. a5 Ra6 61. Qc3 Qd8 62. Qc4 Rxa5 63. Qf7+ Kh6 64. Qb7 Rd5 65. Qa6 Rd6 66. Qb7 Rd3 67. Qb5 Qd6 68. Qb2 Qd8 69. Qa1 Kh5 70. Qe1 Qh4+ 71. Kg2 Qg4 72. h3 Qf3+ 73. Kh2 Re3 74. g4+ fxg4 75. Qa5+ Kh6 76. Qg5+ Kg7 77. Qxg4 Re2+ 78. Kg1 Qf2+ 79. Kh1 Qh2# 0-1

[Event "BRA-ch U14 Girls"]
[Site "Florianopolis"]
[Date "2018.04.28"]
[Round "1"]
[White "Leite, Maryana Izabelle Fe"]
[Black "Ziliotto, Barbara Magro"]
[Result "1/2-1/2"]
[WhiteElo "1388"]
[BlackElo "1741"]
[PlyCount "129"]
[EventDate "2018.04.28"]
[EventType "swiss"]
[EventRounds "6"]
[EventCountry "BRA"]
[SourceTitle "EXT 2021"]
[Source "ChessBase"]
[SourceDate "2020.10.23"]
[SourceVersion "1"]
[SourceVersionDate "2020.10.23"]
[SourceQuality "1"]

1. e4 e5 2. Nf3 Nc6 3. Bc4 Bc5 4. c3 Nf6 5. d4 exd4 6. cxd4 Bb4+ 7. Bd2 Bxd2+ 8. Nbxd2 d5 9. exd5 Nxd5 10. 0-0 0-0 11. Re1 Qd6 12. Nb3 Bg4 13. Bxd5 Qxd5 14. Qe2 Rad8 15. Qe4 Bxf3 16. Qxf3 Qxf3 17. gxf3 Nxd4 18. Nxd4 Rxd4 19. Rad1 Rxd1 20. Rxd1 c5 21. Rd7 b6 22. Rxa7 Rd8 23. Rb7 h6 24. Rxb6 Rd1+ 25. Kg2 c4 26. Rc6 Rb1 27. Rxc4 Rxb2 28. Ra4 g5 29. a3 Rb3 30. Kg3 Kg7 31. Kg4 Kg6 32. Ra6+ f6 33. h3 h5+ 34. Kg3 h4+ 35. Kg2 Kf5 36. a4 Ke5 37. a5 f5 38. Ra8 Kf4 39. a6 Rxf3 40. Rb8 Ra3 41. Rb4+ Ke5 42. Rb5+ Ke6 43. Rb6+ Ke5 44. Rb5+ Ke6 45. Rb6+ Ke5 46. Kh2 g4 47. hxg4 fxg4 48. Rb5+ Kf4 49. Rb4+ Kf3 50. a7 Rxa7 51. Rb3+ Kxf2 52. Rb2+ Ke3 53. Rb3+ Kd4 54. Rb4+ Ke3 55. Rxg4 Rh7 56. Kh3 Kf3 57. Ra4 Rh5 58. Ra3+ Kf4 59. Ra4+ Kg5 60. Rg4+ Kf5 61. Ra4 Kg5 62. Ra5+ Kg6 63. Ra4 Rh6 64. Rxh4 Rxh4+ 65. Kxh4 1/2-1/2

[Event "Brazil Fiesta op"]
[Site "Brazil"]
[Date "2017.07.22"]
[Round "2"]
[White "Garcia, Eugenio Vargas"]
[Black "Leite, Maryana Izabelle Fe"]
[Result "1-0"]
[WhiteElo "2010"]
[BlackElo "1426"]
[PlyCount "79"]
[EventDate "2017.07.21"]
[EventType "swiss"]
[EventRounds "6"]
[EventCountry "BRA"]
[SourceTitle "EXT 2019"]
[Source "ChessBase"]
[SourceDate "2018.10.10"]
[SourceVersion "1"]
[SourceVersionDate "2018.10.10"]
[SourceQuality "1"]

1. d4 d5 2. Nf3 Nc6 3. g3 Nf6 4. Bg2 e6 5. 0-0 Be7 6. c4 h6 7. Nc3 Bb4 8. Ne5 0-0 9. cxd5 exd5 10. Nxc6 bxc6 11. Qa4 c5 12. dxc5 Bxc5 13. Qc6 Bxf2+ 14. Rxf2 Bd7 15. Qc5 c6 16. e4 dxe4 17. Nxe4 Nxe4 18. Bxe4 Bh3 19. Bf4 Qf6 20. Bd6 Qe6 21. Re1 Rfd8 22. Bh7+ Kxh7 23. Rxe6 Bxe6 24. Qxc6 Re8 25. Bb4 Rad8 26. Rd2 Rc8 27. Qe4+ Kh8 28. Rc2 Rb8 29. Bc3 Bxa2 30. Qg4 f6 31. Re2 Red8 32. Re7 Rg8 33. Qg6 Rbd8 34. Bxf6 Rd1+ 35. Kf2 Rd2+ 36. Ke3 Rd3+ 37. Qxd3 Bc4 38. Qxc4 gxf6 39. Qf7 Rg7 40. Qxg7# 1-0

[Event "BRA-ch U12 Girls"]
[Site "Brasilia"]
[Date "2017.04.21"]
[Round "1"]
[White "Flores, Clarice Soares Leit"]
[Black "Leite, Maryana Izabelle Fe"]
[Result "0-1"]
[WhiteElo "1726"]
[BlackElo "1450"]
[PlyCount "82"]
[EventDate "2017.04.21"]
[EventType "swiss"]
[EventRounds "6"]
[EventCountry "BRA"]
[SourceTitle "CBM 177 Extra"]
[Source "ChessBase"]
[SourceDate "2017.04.27"]
[SourceVersion "1"]
[SourceVersionDate "2017.04.27"]
[SourceQuality "1"]

1. e4 e5 2. Nf3 Nc6 3. Bb5 d6 4. 0-0 Bd7 5. d4 a6 6. Bxc6 Bxc6 7. Nc3 Nf6 8. d5 Bd7 9. Be3 Be7 10. Nd2 0-0 11. Bg5 c6 12. f4 Qb6+ 13. Kh1 Qxb2 14. Na4 Qd4 15. Bxf6 Bxf6 16. c4 Qa7 17. dxc6 Bxc6 18. fxe5 Bxe5 19. Rb1 b5 20. Nb2 Rad8 21. a4 h6 22. cxb5 axb5 23. axb5 Bxb5 24. Nbc4 Ba4 25. Ra1 Bxa1 26. Qxa1 d5 27. exd5 Rxd5 28. Ne4 Rd4 29. Ncd6 Qb6 30. Rb1 Qa7 31. Rb7 Rd1+ 32. Qxd1 Qxb7 33. Qa1 Qb4 34. Nf5 f6 35. Ned6 Rb8 36. Ne7+ Kh7 37. h3 Qxd6 38. Nf5 Qc7 39. Ne3 Be8 40. g4 Qg3 41. Nf1 Bc6# 0-1